Представление документа в формате MARC21

Поле Инд. ПП Название Значение
Тип записи a
Библиографический уровень b
001 Контрольный номер RU/IS/BASE/187802141
005 Дата корректировки 20201225174020.2
008 Кодируемые данные 20051213
084 a Индекс другой классификации/Индекс ББК 74.200.585.82; 60.991; 88.9
100 1_ a Автор Зачиняева В. А.
245 10 a Заглавие Организация летнего отдыха детей Центром социальной помощи семье и детям "Надежда" г. Северобайкальска Республики Бурятии
650 04 a Основная рубрика практическая психология (прикладная психология)
a Основная рубрика психология
a Основная рубрика социальная работа
a Основная рубрика педагогика; воспитание
653 0_ a Ключевые слова Бурятия
a Ключевые слова внеклассная работа
a Ключевые слова дети с ограниченными возможностями
a Ключевые слова досуг
a Ключевые слова каникулы
a Ключевые слова летние каникулы
a Ключевые слова летний отдых
a Ключевые слова оздоровительные лагеря
a Ключевые слова оздоровительные центры
a Ключевые слова организация досуга
a Ключевые слова организация отдыха
a Ключевые слова педагогическая психология
a Ключевые слова психолого-педагогическая помощь
a Ключевые слова регионы России
a Ключевые слова Россия
a Ключевые слова центры социальной помощи
773 18 t Заглавие источника Вестник психосоциальной и коррекционно-реабилитационной работы
d Дата издания источника 2005
g Прочая информация № 4. - С. 72 - 77
w Контрольный № источника RU/IS/BASE/187364321
901 t Тип документа b